Villes de Loire-Atlantique en images - Statistiques

Statistiques générales
  • Ce quiz a été pris 182 fois
  • Le résultat moyen est 10 sur 18
Statistiques - réponses
Par images Hint Réponse % Correct
N Nantes
99%
S Saint-Nazaire
96%
L (B) La Baule-Escoublac
95%
P Pornic
94%
G Guérande
86%
S Saint-Herblain
83%
L (C) Le Croisic
68%
S Saint-Brevin-les-Pins
63%
A Ancenis-Saint-Géréon
51%
H (G) Haute-Goulaine
44%
C Châteaubriant
41%
N Nort-sur-Erdre
29%
S Savenay
26%
B Blain
24%
P Pontchâteau
21%
P Paimboeuf
20%
M Machecoul-Saint-Même
16%
L Loireauxence
1%
Aucun quiz correspondant
Distribution des résultats
% des personnes avec chaque résultat
Percentile par nombre de réponses
Votre historique - résultats
Vous n’avez pas pris ce quiz